000 00448pab a2200157 454500
008 180718b2003 xxu||||| |||| 00| 0 eng d
100 _aAl-Homoud, Azm S.
245 _aEvaluation of strong motion acceleration for embankment dam design considering local seismotectonics
260 _c2003
300 _ap.37-56.
362 _aay
650 _aEarthquakes
650 _aSeismological observations
773 _aNatural Hazards
909 _a56951
999 _c56951
_d56951